000 01337aam a2200313 i 4500
001 768714001
003 CO-MdFUSB
005 20260116101945.0
007 ta
008 260116t2000 ag |||| |||| 00| 0 spa d
020 _a987-9403-07-X
040 _cCO-MdFUSB
041 0 _aspa
082 0 4 _223
_a253.52
_bL563t
100 1 _aLeón, Jorge A.
_eautor
245 1 0 _aPsicología pastoral para todos los cristianos
_c/ Jorge A. León
250 _aDécimo segunda edición corregida y aumentada
264 1 _bkairós,
_aBuenos Aires, Argentina :
_c[2000]
264 4 _c©2000
300 _a223 páginas
_c; 21 cm
336 _atexto
_btxt
_2rdacontent
337 _2rdamedia
_asin mediación
_bn
338 _2rdacarrier
_avolumen
_bnc
505 _aLa posibilidad de conocer al ser humano. -- Conocer al ser humano como imagen de Dios. -- Conocerse a uno mismo por la dinámica de lo inconsciente. -- Conocerse a uno mismo por la dinámica de lo consciente. -- Conocer a uno mismo por la dinámica de la oración. -- ¿Cómo comprender a los demás? -- Jesús como modelo de pastor. -- El apóstol Pablo como pastor. -- La lectura de la Biblia. -- La técnica no directiva. -- La técnica directiva. -- Curaciones por la fe.
563 _aRústico
650 0 _aPsicología pastoral
_9230
942 _cBK
945 _aJTF-925
999 _c39123
_d39123